Online katalóg knižníc regiónu Turca

Prechádzka po polnoci (Record no. 22007)

MARC details
000 -LEADER
fixed length control field 00959nam a2200337 a 4500
001 - CONTROL NUMBER
control field 22007
003 - CONTROL NUMBER IDENTIFIER
control field VRT
005 - DATE AND TIME OF LATEST TRANSACTION
control field 20260317145521.0
008 - FIXED-LENGTH DATA ELEMENTS--GENERAL INFORMATION
fixed length control field 970225s1995 xo 010 1 slo c
020 ## - INTERNATIONAL STANDARD BOOK NUMBER
International Standard Book Number 8085597373 (viaz.)
035 ## - SYSTEM CONTROL NUMBER
System control number UKB000213754
039 #9 - LEVEL OF BIBLIOGRAPHIC CONTROL AND CODING DETAIL [OBSOLETE]
Level of rules in bibliographic description 202110061022
Level of effort used to assign nonsubject heading access points fuskovaz
040 ## - CATALOGING SOURCE
Original cataloging agency BAA001
Language of cataloging slo
Transcribing agency BAA001
Description conventions AACR2
041 1# - LANGUAGE CODE
Language code of text/sound track or separate title slo
Language code of original eng
044 ## - COUNTRY OF PUBLISHING/PRODUCING ENTITY CODE
MARC country code xo
ISO country code SK
080 ## - UNIVERSAL DECIMAL CLASSIFICATION NUMBER
Universal Decimal Classification number 820(73)-31
100 1# - MAIN ENTRY--PERSONAL NAME
Personal name Robards, Karen
245 10 - TITLE STATEMENT
Title Prechádzka po polnoci
Statement of responsibility, etc. Karen Robards ; z angl. orig. prel. Anna Rácová
260 ## - PUBLICATION, DISTRIBUTION, ETC.
Place of publication, distribution, etc. Bratislava
Name of publisher, distributor, etc. S Aktuell
Date of publication, distribution, etc. 1995
300 ## - PHYSICAL DESCRIPTION
Extent 318 s.
530 ## - ADDITIONAL PHYSICAL FORM AVAILABLE NOTE
Additional physical form available note Dostupný aj zvukový záznam
650 07 - SUBJECT ADDED ENTRY--TOPICAL TERM
Topical term or geographic name entry element literatúra americká
650 07 - SUBJECT ADDED ENTRY--TOPICAL TERM
Topical term or geographic name entry element romány
653 ## - INDEX TERM--UNCONTROLLED
Uncontrolled term 820(73)-31
700 1# - ADDED ENTRY--PERSONAL NAME
Personal name Rácová, Anna
Relationship trl
776 0# - ADDITIONAL PHYSICAL FORM ENTRY
Title Prechádzka po polnoci
Relationship information [zvukový záznam]
910 ## - USER-OPTION DATA (OCLC)
User-option data ukb
942 ## - ADDED ENTRY ELEMENTS (KOHA)
Source of classification or shelving scheme Dewey Decimal Classification
Koha item type Krásna literatúra pre dospelých
Suppress in OPAC No
949 ## - LOCAL PROCESSING INFORMATION (OCLC)
6 1800014339
a 30.D.68376
b PV.565-97
949 ## - LOCAL PROCESSING INFORMATION (OCLC)
6 1800014338
a SL.D.25459
b PV.566-97
Holdings
Stav vyradenia Strata Poškodenie Spôsob nadobudnutia Domovská knižnica Aktuálna knižnica Dátum nadobudnutia Total checkouts Čiarový kód exemplára Date last seen Typ exemplára
      Dar Obecná knižnica Horná Štubňa Obecná knižnica Horná Štubňa 21.04.2026   4736202230 21.04.2026 Krásna literatúra pre dospelých
      Dar Obecná knižnica Turčianska Štiavnička Obecná knižnica Turčianska Štiavnička 17.03.2026   4738000494 17.03.2026 Krásna literatúra pre dospelých
Projekt je podporený Slovenskou asociáciou knižníc
Prevádzkuje Turčianska knižnica Martin 2026